000
00301nam a2200121Ia 4500
008
190216s9999||||xx |||||||||||||| ||und||
100
_a
"Bukhovtsev Bband Klimontovich,Myakishev"
245
0
_a
Senior Physics 2
260
_b
Mir Pubs Moscow
_c
1982
300
_a
262p
650
_a
Physics
942
_c
BK
999
_c
33197
_d
33197